Biggest Countries Bordering the Indian Ocean - Statistics

General Stats
  • This quiz has been taken 36,817 times
  • The average score is 7 of 10
Answer Stats
km² Bordering via... Country % Correct
3,287,263 Arabian Sea, Bay of Bengal, ... India
99%
1,910,931 directly Indonesia
86%
881,912 Arabian Sea Pakistan
86%
2,149,690 Red Sea, Persian Gulf Saudi Arabia
84%
7,692,024 directly Australia
83%
1,648,195 Arabian Sea, Persian Gulf Iran
81%
1,002,450 Red Sea Egypt
63%
1,221,037 directly South Africa
61%
945,087 directly Tanzania
57%
1,886,068 Red Sea Sudan
49%
No matching quizzes found
Score Distribution
Percent of People with Each Score
Percentile by Number Answered
Your Score History
You have not taken this quiz